| Tag |
First Indicator |
Second Indicator |
Subfields |
| LEADER |
00000pam a2200000 i 4500 |
| 001 |
in00000479212 |
| 005 |
20151013054617.0 |
| 008 |
751030s1976 nyua b 00110 eng |
| 010 |
|
|
|a 75037893
|
| 020 |
|
|
|a 0471115703
|
| 035 |
|
|
|a (OCoLC)01863567
|
| 035 |
|
|
|9 ACC3058AM
|
| 040 |
|
|
|a DLC
|c DLC
|d TXA
|d UtOrBLW
|
| 049 |
|
|
|a TXAM
|c [1237538]
|
| 050 |
0 |
0 |
|a BF683
|b .B823
|
| 060 |
|
0 |
|a BF683 B922h
|
| 082 |
0 |
|
|a 155.4
|
| 100 |
1 |
|
|a Buck, Ross.
|
| 245 |
1 |
0 |
|a Human motivation and emotion /
|c Ross Buck.
|
| 264 |
|
1 |
|a New York :
|b Wiley,
|c [1976]
|
| 264 |
|
4 |
|c ©1976
|
| 300 |
|
|
|a xiv, 529 pages :
|b illustrations ;
|c 24 cm.
|
| 336 |
|
|
|a text
|b txt
|2 rdacontent
|
| 337 |
|
|
|a unmediated
|b n
|2 rdamedia
|
| 338 |
|
|
|a volume
|b nc
|2 rdacarrier
|
| 500 |
|
|
|a Includes indexes.
|
| 504 |
|
|
|a Bibliography: pages 449-514.
|
| 650 |
|
0 |
|a Motivation (Psychology)
|
| 650 |
|
0 |
|a Emotions.
|
| 650 |
|
2 |
|a Motivation.
|
| 650 |
|
2 |
|a Emotions.
|
| 999 |
|
|
|a MARS
|
| 999 |
f |
f |
|s b20cea67-25ec-3a64-bd62-e1c9db4e6a7d
|i cb427606-d536-3cb2-9807-bb9bdd94b731
|t 0
|
| 952 |
f |
f |
|p ric
|a Texas A&M University
|b Rellis Campus
|c Joint Library Facility
|d Remote Storage
|t 0
|e BF683 .B823
|h Library of Congress classification
|i unmediated -- volume
|m A14801692043
|
| 998 |
f |
f |
|a BF683 .B823
|t 0
|l Remote Storage
|